Frutos prohibidos : la saga de Inocencio de Jesús Leal Buenahora : novela para contar /
Guardado en:
| Autor principal: | |
|---|---|
| Formato: | Electrónico eBook |
| Lenguaje: | español |
| Publicado: |
Bogotá : Cali :
Editorial Oveja Negra ; Universidad Santiago de Cali, Editorial,
[2021]
|
| Materias: | |
| Acceso en línea: | Digitalia Hispánica |
| Etiquetas: |
Agregar Etiqueta
Sin Etiquetas, Sea el primero en etiquetar este registro!
|
MARC
| LEADER | 00000nam a2200000 i 4500 | ||
|---|---|---|---|
| 001 | DIGOVENEG439 | ||
| 003 | NyNyDIG | ||
| 006 | m o d | ||
| 007 | cr ||||||||||| | ||
| 008 | 230103s2021 ck o 000 f spa d | ||
| 035 | |a (OCoLC)1367361205 | ||
| 040 | |a DGITA |b eng |e rda |e pn |c DGITA | ||
| 020 | |z 9789580614494 | ||
| 050 | 1 | 4 | |a PQ8180.424.I56 ebook |
| 100 | 1 | |a Niño Mesa, Josué Gerardo, |e author. | |
| 245 | 1 | 0 | |a Frutos prohibidos : |b la saga de Inocencio de Jesús Leal Buenahora : novela para contar / |c Josué Gerardo Niño Mesa. |
| 264 | 1 | |a Bogotá : |b Editorial Oveja Negra ; |a Cali : |b Universidad Santiago de Cali, Editorial, |c [2021] | |
| 300 | |a 1 online resource. | ||
| 336 | |a text |2 rdacontent | ||
| 337 | |a computer |b c |2 rdamedia | ||
| 338 | |a online resource |b cr |2 rdacarrier | ||
| 347 | |a text file |2 rdaft | ||
| 347 | |b EPUB | ||
| 347 | |b PDF | ||
| 588 | 0 | |a Online resource; title from ePub title page (Digitalia, viewed January 3, 2023) | |
| 655 | 7 | |a Fiction. |2 lcgft | |
| 776 | 0 | 8 | |i Print version: |a Niño Mesa, Josué Gerardo. |t Frutos prohibidos. |b 1a edición. |d Bogotá : Editorial Oveja Negra ; Cali : Universidad Santiago de Cali, Editorial, [2021] |z 9789580614494 |
| 791 | 2 | |a Digitalia (Firm), |e distributor. | |
| 793 | 0 | |g Digitalia eBook Collection: |a Editorial Oveja Negra | |
| 856 | 4 | 0 | |3 Digitalia Hispánica |u https://digitalia.unach.elogim.com/a/111746/ |
| 910 | |a Premium Collection: 2023 | ||